FIFA World Cup Teams - Spot the Imposter - Statistics

General Stats
  • This quiz has been taken 422 times
  • The average score is 15 of 21
Answer Stats
Question Answer % Correct
Which of these countries' national teams has not played in the FIFA World Cup? Luxembourg
97%
Which of these countries' national teams has not played in the FIFA World Cup? India
95%
Which of these countries' national teams has not played in the FIFA World Cup? Liechtenstein
95%
Which of these countries' national teams has not played in the FIFA World Cup? Cyprus
91%
Which of these countries' national teams has not played in the FIFA World Cup? Belize
90%
Which of these countries' national teams has not played in the FIFA World Cup? Libya
89%
Which of these countries' national teams has not played in the FIFA World Cup? Belarus
87%
Which of these countries' national teams has not played in the FIFA World Cup? Central African Republic
84%
Which of these countries' national teams has not played in the FIFA World Cup? Pakistan
81%
Which of these countries' national teams has not played in the FIFA World Cup? Montenegro
76%
Which of these countries' national teams has not played in the FIFA World Cup? United Kingdom
76%
Which of these countries' national teams has not played in the FIFA World Cup? Taiwan
75%
Which of these countries' national teams has not played in the FIFA World Cup? Venezuela
70%
Which of these countries' national teams has not played in the FIFA World Cup? Albania
66%
Which of these countries' national teams has not played in the FIFA World Cup? Gambia
65%
Which of these countries' national teams has not played in the FIFA World Cup? Finland
58%
Which of these countries' national teams has not played in the FIFA World Cup? Guatemala
54%
Which of these countries' national teams has not played in the FIFA World Cup? Bahamas
53%
Which of these countries' national teams has not played in the FIFA World Cup? Bahrain
51%
Which of these countries' national teams has not played in the FIFA World Cup? Kenya
51%
Which of these countries' national teams has not played in the FIFA World Cup? Dominican Republic
36%
No matching quizzes found
Score Distribution
Percent of People with Each Score
Percentile by Number Answered
Your Score History
You have not taken this quiz